| 000 | 00622cam a2200205 a 4500 | ||
|---|---|---|---|
| 001 | 000018048 | ||
| 005 | 20200929165331.0 | ||
| 008 | 770906s1966 onca 000 p eng d | ||
| 040 |
_aDO-SdBNP _cScU _dDLC _dBNPHU |
||
| 042 | _apremarc | ||
| 082 |
_a813.5 _bB619s |
||
| 100 | 1 |
_aBirney, Earle, _d1904-1995. _939123 |
|
| 245 | 1 | 0 |
_aSelected poems, 1940-1966 / _cEarle Birney. |
| 260 |
_aToronto : _bMcClelland and Stewart, _c1966. |
||
| 300 |
_axii, 222 p. : _bil. ; _c26 cm. |
||
| 650 | 4 |
_aPoesÃa canadiense _914165 |
|
| 650 | 4 |
_aLiteratura canadiense _ySIGLO XX _97991 |
|
| 910 | _aCatalogación derivada | ||
| 049 | _aBNGR | ||
| 999 |
_c17570 _d17570 |
||